Najlepsi strzelcy goli w Polsce - Statystyki

Ogólne statystyki
  • Ten quiz został rozwiązany 23 razy
  • Średni wynik to 3 z 5
Statystyki odpowiedzi
Cele Odtwarzacz % Poprawnych
88 Robert Lewandowski
100%
45 Grzegorz Lato
68%
48 Włodzimierz Lubański
59%
41 Kazimierz Deyna
55%
39 Ernest Pol
0%
Nie znaleziono quizów pasujących do podanych kryteriów
Rozkład punktacji
Procent ludzi z każdym wynikiem
Percentyl według liczby udzielonych odpowiedzi
Twoja historia wyników
Nie rozwiązałeś tego quizu